Países que recibieron la F1 - Estadísticas

Estadísticas generales
  • Esta prueba ha sido intentada 3.896 veces
    3.666 desde el último reinicio
  • La puntuación promedio es 28 de 34
Estadísticas de respuestas
País % Correcto
España
98%
Estados Unidos
98%
Alemania
95%
Francia
95%
Italia
95%
México
95%
Argentina
94%
Brasil
94%
China
94%
Japón
94%
Australia
93%
Canadá
92%
Reino Unido
92%
Rusia
91%
Bélgica
86%
Países Bajos
85%
Arabia Saudita
84%
Portugal
84%
Austria
83%
Mónaco
82%
Catar
81%
India
74%
Emiratos Árabes Unidos
73%
Suecia
72%
Corea del Sur
71%
Sudáfrica
71%
Suiza
70%
Baréin
68%
Hungría
68%
Turquia
67%
Singapur
65%
Azerbaiyán
62%
Marruecos
59%
Malasia
57%
No se encontraron pruebas coincidentes
Distribución de puntuación
Porcentaje de gente con cada puntuación
Porcentaje por número respondido
Historial de tus puntuaciones
No has intentado esta prueba desde el último reinicio